000 00570nam a2200193 a 4500
001 1771582463519
003 YourLibrary
005 20260220154926.0
008 260220s2009##################000#0#eng##
020 _a9780309136624
082 0 4 _a338.064
_bNAG
100 1 _aCouncil, National Research,
_eauthor.
245 1 0 _a21st Century Innovation Systems for Japan and the United States :
260 _bNational Academies Press,
_c2009.
300 _a302 pages
650 0 _aTechnology & Engineering.
942 _cENGLISH
040 _aYourLibrary
_beng
_cYourLibrary
999 _c614288
_d614288